La Iberia : (Record no. 183790)

MARC details
000 -LEADER
campo de control de longitud fija 01314nam a22002531i 4500
001 - NÚMERO DE CONTROL
campo de control 183790
003 - IDENTIFICADOR DE NÚMERO DE CONTROL
campo de control ES-MaACL
005 - FECHA Y HORA DE LA ÚLTIMA TRANSACCIÓN
campo de control 20230906221953.0
008 - DATOS DE LONGITUD FIJA--INFORMACIÓN GENERAL
campo de control de longitud fija 141015s1853 sp |||| | spa d
100 1# - ENTRADA PRINCIPAL--NOMBRE DE PERSONA
Nombre de persona Mas, Sinibaldo de (
Fechas asociadas al nombre 1809-1868)
9 (RLIN) 129689
245 03 - MENCIÓN DEL TÍTULO
Título La Iberia :
Resto del título memoria sobre las ventajas de la unión de Portugal y España /
Mención de responsabilidad, etc. [Sinibaldo de Mas] ; precedida de la traducción del prólogo escrito por "Um jornalista portuguez" [J.M. Latino Coelho] que se lee al frente de la traducción de esta memoria publicada en Lisboa.
250 ## - MENCION DE EDICION
Mención de edición 2ª ed., corr. y aum. por su autor en enero de 1853.
260 ## - PUBLICACIÓN, DISTRIBUCIÓN, ETC.
Lugar de publicación, distribución, etc. Madrid :
Nombre del editor, distribuidor, etc. [s.n.],
Fecha de publicación, distribución, etc. 1853 (
Fabricante Imp. y Estereotipia de M. Rivadeneyra)
300 ## - DESCRIPCIÓN FÍSICA
Extensión 170 p., [1] h. pleg. de mapa ;
Dimensiones 22 cm.
530 ## - NOTA DISPONIBLE DE FORMULARIO FÍSICO ADICIONAL
Nota de formato físico adicional disponible Disponible en formato digital.
594 ## - Nota al título y mención de responsabilidad
Nota al título y mención de responsabilidad Autor tomado del Catálogo de Rebiun e Internet Archive; consta en p. 78 y 88.
650 #4 - PUNTO DE ACCESO ADICIONAL DE MATERIA--TÉRMINO DE MATERIA
Término de materia o nombre geográfico como elemento de entrada Iberismo.
9 (RLIN) 172986
651 #4 - PUNTO DE ACCESO ADICIONAL DE MATERIA--NOMBRE GEOGRÁFICO
Nombre geográfico España-
Subdivisión general Relaciones-
Subdivisión geográfica Portugal.
9 (RLIN) 8476
651 #4 - PUNTO DE ACCESO ADICIONAL DE MATERIA--NOMBRE GEOGRÁFICO
Nombre geográfico Portugal-
Subdivisión general Relaciones-
Subdivisión geográfica España.
9 (RLIN) 9269
700 1# - ENTRADA AGREGADA--NOMBRE PERSONAL
Nombre de persona Coelho, José María Latino (
Fechas asociadas al nombre 1825-1891)
9 (RLIN) 126522
852 4# - LOCALIZACIÓN
Ubicación ES-MaACL
Número de control de estantería T-42-F-2
856 4# - LOCALIZACIÓN Y ACCESO ELECTRÓNICOS
Identificador Uniforme de Recursos <a href="https://archive.org/details/laiberiamemoria00masgoog ">https://archive.org/details/laiberiamemoria00masgoog </a>
Nota pública Internet Archive
856 4# - LOCALIZACIÓN Y ACCESO ELECTRÓNICOS
Identificador Uniforme de Recursos <a href="https://archive.org/details/bub_gb_J98AAAAAYAAJ/page/n3/mode/2up">https://archive.org/details/bub_gb_J98AAAAAYAAJ/page/n3/mode/2up</a>
Nota pública Internet Archive
Holdings
Estatus retirado Estado de pérdida Estado de daño No para préstamo Colección Biblioteca de origen Biblioteca actual Ubicación en estantería Fecha de adquisición Fuente de adquisición Total de préstamos Signatura topográfica completa Código de barras Visto por última vez Precio de reemplazo Tipo de ítem Koha
        Colección de folletos Biblioteca del Ateneo de Madrid Biblioteca del Ateneo de Madrid Depósito folletos 15/10/2014     T-42-F-2 1193236 23/02/2023 23/02/2023 Folleto